Statistics for Super Smash Bros. Brawl Stages

Click here to take the quiz!

General Stats

  • This quiz has been taken 46 times
  • The average score is 20 of 31

Answer Stats

SeriesStage% Correct
Super Smash Bros.Battlefield
100%
Super Smash Bros.Final Destination
100%
YoshiYoshi’s Island
86%
PokémonPokémon Stadium 2
82%
Sonic the HedgehogGreen Hill Zone
77%
DSPictochat
77%
Super Mario Bros.Mushroomy Kingdom
73%
The Legend of ZeldaBridge of Eldin
64%
Super Mario Bros.Delfino Plaza
64%
Game and WatchFlat Zone 2
64%
KirbyHalberd
64%
Super Mario Bros.Mario Bros.
64%
MetroidNorfair
64%
F-ZeroPort Town Aero Dive
64%
Metal Gear SolidShadow Moses Island
64%
Kid IcarusSkyworld
64%
Ice ClimberSummit
64%
Donkey Kong75m
59%
Fire EmblemCastle Siege
59%
PikminDistant Planet
59%
ElectroplanktonHanenbow
59%
Super Mario Bros.Luigi’s Mansion
59%
Earthbound/MotherNew Pork City
59%
Animal CrossingSmashville
59%
PokémonSpear Pillar
59%
Star FoxLylat Cruise
55%
WarioWareWarioWare Inc.
55%
Super Mario Bros.Mario Circuit
50%
The Legend of ZeldaPirate Ship
50%
Donkey KongRumble Falls
50%
MetroidFrigate Orpheon
45%

Score Distribution

Percentile by Number Answered

Percent of People with Each Score

Your Score History

You have not taken this quiz